000 00514nam a22001937a 4500
999 _c3003
_d3003
003 OSt
005 20210729062824.0
008 210729b ||||| |||| 00| 0 eng d
020 _a-
040 _cALUPE UNIVERITY
050 _aTX820
_b.H45 2014
100 _aSharareh Hekmat
245 _aFoods & Nutrition 2232 sections 530 & 534 Brescia
260 _aWestern university canada
_bBrescia Kings
_c2014
300 _axiv, 298pgs,
_c28cm
650 _aRecipes
700 _aGladys Ylimaki
942 _2lcc
_cBK
_nPW